zpět

Detail výsledku týmu

Smíchovská Tankovna, Benešov

Datum a čas kvízu

32.5 Celkem bodů Celkový počet nahraných bodů na tomto kvízu bez doplňovacích otázek.
6. Pořadí na kvízu Konečné umístění týmu na tomto kvízu.

Zaznamenané odpovědi

# Otázka Odpověď Body Výsledky
1. Minulý týden vydalo české vývo... Kingdom Come (Deliverance II) 1
2. Český řidič kamionu v pondělí... B) do běžkařské stopy 0
3. Britská kapela, která byla zal... Black Sabbath 0
4. Vláda jednoho jihoevropského s... o Chorvatsku 0
5. Která tenistka v pondělí na so... Petra Kvitová 1
6. Kterým podstatným jménem se oz... bakteriofágy/fágy 1
7. Který zvířecí přívlastek získa... prasečí 1
8. Přiřaďte viry k onemocněním, k... 1B 2D 3A 4C 1
9. Viry mají svou genetickou info... U (uracil) 0
10. Pandemie smrtících virů jsou v... May 0